000 00831nam a2200217Ia 4500
999 _c40090
_d40090
001 6696
003 GE_BSU
005 20191224104357.0
008 181216s1958||||ge |||||||||||||| ||geo||
040 _cGE_BSU
041 _ageo
080 _a821.353.1-1 გ-44
100 _aგვარიშვილი, ნანა.
_95921
245 _aნაკადულები :
_bლექსები /
_cნანა გვარიშვილი ; რედ. ნ. ნოღაიდელი.
264 _aბათუმი :
_b[გ.გ.],
_c1958.
300 _a175 გვ. :
_bნახატი-პორტრეტი ;
_c19 სმ.
653 _aლექსები.
653 _aნაკადულები.
700 _aნოღაიდელი, ნ.
_eრედაქტორი
_95817
942 _cBK
_2udc